| 000 | 01167nam a2200217Ia 4500 | ||
|---|---|---|---|
| 003 | OSt | ||
| 005 | 20210422143039.0 | ||
| 008 | 210310s1981 ck d gr 000 0 spa d | ||
| 040 |
_aCO-JMCR _cCO-JMCR |
||
| 041 | 0 | _aspa | |
| 082 | 0 | 4 |
_a382 / _bE182c _223 |
| 100 | 1 |
_aEchavarría, Juan José, _eautor _925781 |
|
| 245 | 1 | 0 |
_aComercio Internacional / _cJuan José Echavarría |
| 260 |
_aBogotá : _bUniversidad Externado de Colombia, _c1981. |
||
| 300 |
_a289 páginas : _bilustraciones y graficas en blanco y negro ; _c24 cm. |
||
| 504 | _aBibliografía : páginas 289. | ||
| 505 | 0 | _aTeoría real y teoría monetaria. -- Análisis positivo y análisis normativo. -- El mercantilismo. -- Adam Smith. -- Ricardo y la teoría de los costos relativos o comparativos. -- Teoría neoclásica del comercio internacional, El modelo de Heckscher, Ohlin, Samuelson. -- Comparaciones entre modelo Ricardino y el neoclásico. -- El imperialismo. -- Emmanuel y la teoría del intercambio desigual. -- El proteccionismo. -- La cepal, desarrollos y críticas. | |
| 650 | 1 | 4 |
_aComercio internacional.-- CEPAL _925783 |
| 650 | 2 | 4 |
_aTeoría del comercio _937060 |
| 942 |
_2ddc _cBK |
||
| 999 |
_c11536 _d11536 |
||